| 000 | 01074nam a2200277Ia 4500 | ||
|---|---|---|---|
| 008 | 250305m2025 sp 000 0 glg d | ||
| 041 | _aspa | ||
| 110 | 2 |
_aCCOO _bServicios a la Ciudadanía _927915 |
|
| 245 | 1 | 1 |
_a¡Indispensables! _b: mujeres, sindicalistas, en la lucha por la igualdad _c/ CCOO; servicios a la Ciudadanía |
| 260 |
_a[S.l.] : _bCCOO, Servicios a la Ciudadanía, _c2025 |
||
| 300 |
_a2 p. ; _c30 cm |
||
| 500 | _aManifiesto de CCOO Servicios a la Ciudadanía con motivo del 8 de Marzo de 2025, Día Internacional de de las Mujeres | ||
| 650 |
_aDIA INTERNACIONAL DE LA MUJER _97831 |
||
| 650 | 0 |
_aMUJERES _9199 |
|
| 650 | 0 |
_aSINDICALISMO _9189 |
|
| 650 | 0 |
_aCCOO _960 |
|
| 650 | 0 |
_aSINDICATO _9208 |
|
| 650 | 0 |
_aIGUALDAD DE GENERO _95513 |
|
| 650 | 0 |
_aIGUALDAD DE DERECHOS _91832 |
|
| 650 | 0 |
_aIGUALDAD DE REMUNERACION _9402 |
|
| 650 | 0 |
_aTRABAJADORAS _927153 |
|
| 650 | 0 |
_aMERCADO DE TRABAJO _952 |
|
| 650 | 0 |
_aACTITUD SINDICAL _961 |
|
| 856 |
_zPDF _uhttps://docpublicos.ccoo.es/cendoc/070722Manifiesto8Marzo2025FSC.pdf |
||
| 942 |
_cDOCU_ELEC _2ddc |
||
| 999 |
_c61902 _d61902 |
||